Central Library OPAC University of Rajshahi

Distortions of agricultural incentives / (Record no. 43719)

MARC details
000 -LEADER
fixed length control field 00757nam a2200241 a 4500
001 - CONTROL NUMBER
control field 43719
003 - CONTROL NUMBER IDENTIFIER
rucl marc code BD-RjUL
005 - DATE AND TIME OF LATEST TRANSACTION
control field 20211209053737.0
008 - FIXED-LENGTH DATA ELEMENTS--GENERAL INFORMATION
fixed length control field 160626s1978 inua 101 0 eng
020 ## - INTERNATIONAL STANDARD BOOK NUMBER
International Standard Book Number 0253318068
035 ## - SYSTEM CONTROL NUMBER
System control number (BD-RjUL)43837
040 ## - CATALOGING SOURCE
Original cataloging agency DLC
Transcribing agency DLC
Modifying agency CU
-- BD-RjUL
Language of cataloging eng
041 ## - LANGUAGE CODE
Language code of text/sound track or separate title eng
082 00 - DEWEY DECIMAL CLASSIFICATION NUMBER
Classification number 338.18
Edition number 23
Author mark and year DIS 1978
245 00 - TITLE STATEMENT
Title Distortions of agricultural incentives /
Statement of responsibility, etc. edited by Theodore W. Schultz.
260 ## - PUBLICATION, DISTRIBUTION, ETC. (IMPRINT)
Place of publication, distribution, etc. LOndon :
Name of publisher, distributor, etc. Indiana University Press,
Date of publication, distribution, etc. c1978.
300 ## - PHYSICAL DESCRIPTION
Pagination viii, 343 p. :
Illustrations ill. ;
Size 24 cm.
504 ## - BIBLIOGRAPHY, ETC. NOTE
Bibliography, etc Includes index.
650 #0 - SUBJECT ADDED ENTRY--TOPICAL TERM
Topical term or geographic name as entry element Agriculture
General subdivision Economic aspects
Form subdivision Congresses.
9 (RLIN) 134358
Topical term or geographic name as entry element Agriculture and state
Form subdivision Congresses.
9 (RLIN) 134359
700 1# - ADDED ENTRY--PERSONAL NAME
Personal name Schultz, Theodore W.
942 ## - ADDED ENTRY ELEMENTS (KOHA)
Source of classification or shelving scheme Dewey Decimal Classification
Koha item type Books
Holdings
Lost status Source of classification or shelving scheme Damaged status Not for loan Collection code Permanent Location Current Location Shelving location Date acquired Total Checkouts Full call number Date last seen Copy number Koha item type
  Dewey Decimal Classification   Not For Loan Non-fiction Central Library, University of Rajshahi Central Library, University of Rajshahi Reading Room 18/12/1979   338.18 DIS 1978 26/06/2016 C-1 Books